Ratings im Recht nationaler Finanzmärkte.
Význam ratingu, na udeľovanie ktorého sa špecializujú súkromné nezávislé agentúry, ktoré analyzujú bonitu emitentov (cenných papierov) a klasifikujú ich kategórie. Inštitucionálne zaistenie a osobitosti pôsobenia ratingu na finančných trhoch Švajčiarska, Rakúska, Francúzska, V. Británie, Austrálie,...
Salvato in:
| Autore principale: | |
|---|---|
| Natura: | Capitolo di libro |
| Lingua: | tedesco |
| Soggetti: | |
| Tags: |
Nessun Tag, puoi essere il primo ad aggiungerne!!
|
MARC
| LEADER | 00000naa a2200000 4500 | ||
|---|---|---|---|
| 001 | r005390 | ||
| 005 | 20221208122804.3 | ||
| 041 | 0 | |a ger | |
| 044 | |a DE | ||
| 245 | 1 | 0 | |a Ratings im Recht nationaler Finanzmärkte. |c O. Everling |
| 520 | |a Význam ratingu, na udeľovanie ktorého sa špecializujú súkromné nezávislé agentúry, ktoré analyzujú bonitu emitentov (cenných papierov) a klasifikujú ich kategórie. Inštitucionálne zaistenie a osobitosti pôsobenia ratingu na finančných trhoch Švajčiarska, Rakúska, Francúzska, V. Británie, Austrálie, Japonska a USA. | ||
| 610 | 2 | 0 | |a rating |
| 610 | 2 | 0 | |a právo finančné |
| 610 | 2 | 0 | |a papiere cenné |
| 610 | 2 | 0 | |a trh finančný |
| 610 | 2 | 0 | |a západná Európa |
| 610 | 2 | 0 | |a USA |
| 610 | 2 | 0 | |a Japonsko |
| 610 | 2 | 0 | |a Austrália |
| 100 | 1 | |a Everling, O. | |